000 00665nam a2200265Ia 4500
005 20260121172828.0
008 008 260114s9999 xx 000 0 eng d
020 _a9783030858063
037 _aEBOOK
040 _aCRL
040 _beng
040 _cCRL
041 _2eng
041 _aeng
084 _qCRL
100 _aChristian Ernsten
_91093247
245 0 _aColonial Heritage and Urban Transformation in the Global South
260 _bSpringer
260 _bSpringer
260 _c2021
856 _uhttps://link.springer.com/openurl?genre=book&isbn=978-3-030-85806-3
942 _cEBOOK
999 _c1658989
_d1658989